000 01281nam a2200349 4500
001 213
003 OSt
005 20250902095039.0
008 250203b |||||||g |||| 00| 1 eng d
020 _a8506037360
040 _bpor
041 _heng
_apor
082 _a028.5
_bD754sv
100 1 _aDoyle, Arthur Conan,
_d1859-1930
_9388
240 _aThe adventures of Sherlock Holmes
245 _aSherlock Holmes:
_bA volta de Sherlock Holmes /
_cDoyle, Arthur Conan ; Tradução de Antonio Carlos Vilela
260 _aSão Paulo
_bMelhoramentos
_c2003
300 _a135 p.
520 _aEste livro reúne treze casos posteriores à morte do prof. Moriarty, em que acreditava-se que também Holmes tivesse falecido. Entre esles estão, além do que marca o retorno do detetive, outros grandes como Os seis bustos de Napoleão , Os dançarinos e O construtor de Norwood .
650 0 _aLiteratura Inglesa
_989
650 0 _aAdaptação
_9788
650 0 _aCrime e Investigação
_913
650 0 _aRomance Policial
_911
650 0 _aSuspense
_910
650 0 _aMistério
_942
650 0 _aClássicos
_977
650 0 _aFilme
_926
655 0 _aRomance
_923
655 0 _aFicção
_922
700 1 _aVilela, Antonio Carlos,
_d1966-
_eTradutor
_91015
942 _2ddc
_n0
_cBK
999 _c213
_d213